Agriculture, economics, and resource management / (Record no. 945)
[ view plain ]
| 000 -LEADER | |
|---|---|
| fixed length control field | 00611nam a22002057a 4500 |
| 001 - CONTROL NUMBER | |
| control field | BD-DhSAU 945 |
| 003 - CONTROL NUMBER IDENTIFIER | |
| control field | BD-DhSAU |
| 005 - DATE AND TIME OF LATEST TRANSACTION | |
| control field | 20150108010555.0 |
| 008 - FIXED-LENGTH DATA ELEMENTS--GENERAL INFORMATION | |
| fixed length control field | 150108b1977 ii a||||r|||| 001 0 eng d |
| 040 ## - CATALOGING SOURCE | |
| Original cataloging agency | BD-DhSAU |
| 082 ## - DEWEY DECIMAL CLASSIFICATION NUMBER | |
| Edition number | 22 |
| Classification number | 333.335 |
| Item number | SNA |
| 100 ## - MAIN ENTRY--PERSONAL NAME | |
| Personal name | Snodgrass, Milton M. |
| Fuller form of name | (Moore) |
| 245 ## - TITLE STATEMENT | |
| Title | Agriculture, economics, and resource management / |
| Statement of responsibility, etc. | Milton M. Snodgrass, L. T. Wallace. |
| 260 ## - PUBLICATION, DISTRIBUTION, ETC. (IMPRINT) | |
| Place of publication, distribution, etc. | New Delhi : |
| Name of publisher, distributor, etc. | Prantik Hall ; |
| Date of publication, distribution, etc. | c1977. |
| 300 ## - PHYSICAL DESCRIPTION | |
| Extent | xi, 521 p. : |
| Other physical details | ill. ; |
| Dimensions | 24 cm. |
| 590 ## - Name of Cataloguer | |
| Name of Cataloger | joy |
| 650 ## - SUBJECT ADDED ENTRY--TOPICAL TERM | |
| Topical term or geographic name as entry element | Economics. |
| 650 ## - SUBJECT ADDED ENTRY--TOPICAL TERM | |
| Topical term or geographic name as entry element | Management. |
| 700 ## - ADDED ENTRY--PERSONAL NAME | |
| Personal name | Wallace, Luther T. |
| Relator term | joint author. |
| 942 ## - ADDED ENTRY ELEMENTS (KOHA) | |
| Source of classification or shelving scheme | Dewey Decimal Classification |
| Koha item type | Book |
| Withdrawn status | Lost status | Source of classification or shelving scheme | Damaged status | Not for loan | Home library | Branch Name | Shelving location | Date acquired | Total Checkouts | Full call number | Barcode | Date last seen | Price effective from | Koha item type | Collection code |
|---|---|---|---|---|---|---|---|---|---|---|---|---|---|---|---|
| Dewey Decimal Classification | SAU Library | SAU Library | General Stacks | 03/09/1979 | 333.335 SNA | 4083 | 08/01/2015 | 08/01/2015 | Book | ||||||
| Dewey Decimal Classification | SAU Library | SAU Library | General Stacks | 03/09/1979 | 333.335 SNA | 4079 | 08/01/2015 | 08/01/2015 | Book | ||||||
| Dewey Decimal Classification | SAU Library | SAU Library | General Stacks | 03/09/1979 | 333.335 SNA | 4078 | 10/01/2015 | 10/01/2015 | Book | ||||||
| Dewey Decimal Classification | SAU Library | SAU Library | General Stacks | 03/09/1979 | 333.335 SNA | 4084 | 29/01/2015 | 29/01/2015 | Book | ||||||
| Dewey Decimal Classification | SAU Library | SAU Library | General Stacks | 03/09/1979 | 333.335 SNA | 4080 | 24/02/2015 | 24/02/2015 | Book | ||||||
| Dewey Decimal Classification | Not For Loan | SAU Library | SAU Library | Reference | 21/05/2015 | 333.335 SNA | 223 | 21/05/2015 | 21/05/2015 | Book | Reference |
